Handbook of antiblocking, release, and slip additives /

"This handbook is the first-ever book written on the subject of antiblocking, release, and slip additives, which are of high industrial importance. The fourth edition has included all new information that became available in the last 7 years since the publication of the last edition. Thirty che...

Full description

Bibliographic Details
Main Author: Wypych, George (Author)
Corporate Author: ScienceDirect (Online service)
Format: eBook
Language:English
Published: Toronto : ChemTec Publishing, 2021.
Edition:Fourth edition.
Subjects:
Online Access:Connect to the full text of this electronic book

MARC

Tag First Indicator Second Indicator Subfields
LEADER 00000cam a22000008i 4500
001 in00005766821
005 20260327165019.8
006 m o d
007 cr un |||||||
008 200807s2021 onc obf 001 0 eng
040 |a NLC  |b eng  |e rda  |c NLC  |d NLC  |d OCLCF  |d EBLCP  |d UKAHL  |d OPELS  |d UKMGB  |d OCLCO  |d OCLCQ  |d SFB  |d OCLCO  |d OCLCL  |d OCLCQ  |d OCLCO  |d OCLCQ  |d OCLCL 
015 |a 20200307347  |2 can 
015 |a GBC111960  |2 bnb 
016 7 |a 020087853  |2 Uk 
019 |a 1238127811  |a 1242739124 
020 |a 9781927885789  |q (PDF) 
020 |a 1927885787 
020 |z 9781927885772 
020 |z 1927885779 
035 |a (OCoLC)1182799442  |z (OCoLC)1238127811  |z (OCoLC)1242739124 
037 |a 9781927885789  |b Ingram Content Group 
042 |a lac 
050 4 |a TP1142 
055 0 |a TP1142  |b .W95 2021 
082 0 |a 668.9  |2 23 
084 |a cci1icc  |2 lacc 
049 |a TXAM 
100 1 |a Wypych, George,  |e author.  |1 https://id.oclc.org/worldcat/entity/E39PBJht74WDRfCKQ6Q74f8KVC 
245 1 0 |a Handbook of antiblocking, release, and slip additives /  |c George Wypych. 
246 3 0 |a Antiblocking, release, and slip additives 
250 |a Fourth edition. 
263 |a 202101 
264 1 |a Toronto :  |b ChemTec Publishing,  |c 2021. 
300 |a 1 online resource. 
336 |a text  |b txt  |2 rdacontent 
337 |a computer  |b c  |2 rdamedia 
338 |a online resource  |b cr  |2 rdacarrier 
504 |a Includes bibliographical references and index. 
520 |a "This handbook is the first-ever book written on the subject of antiblocking, release, and slip additives, which are of high industrial importance. The fourth edition has included all new information that became available in the last 7 years since the publication of the last edition. Thirty chemical families form a core of industrial developments, which resulted in a large number of commercial products used by industry as antiblocking, release, and slip additives. These additives are used in the production of materials from 44 families of polymers, rubbers, and natural products. Polymers containing antiblocking, release, and slip additives are processed by 18 groups of processing methods. The processing methods are used by almost 30 industries."--  |c Provided by publisher. 
530 |a Issued also in print format. 
505 0 |a Front Cover -- Handbook of Antiblocking, Release, and Slip Additives -- Table of Contents -- Copyright Page -- Chapter 1. Introduction -- 1.1 Historical Developments -- 1.2 Expectations from Commercial Additives -- 1.3 Definitions -- 1.4 Classification -- References -- Chapter 2. Generic Types -- 2.1 Introduction -- 2.2 Characteristic Properties of Commercial Additives -- References -- Chapter 3. Standard Methods of Control -- 3.1 Adhesives -- 3.2 Floor Coverings -- 3.3 Footwear and Walkway Surfaces -- 3.4 Geosynthetics -- 3.5 Leather and Coated Fabrics -- 3.6 Lubricants -- 3.7 Medical -- 3.8 Paints and Coatings -- 3.9 Paper -- 3.10 Plastics and Rubber -- 3.11 Roads and Pavement -- 3.12 Sport Equipment -- 3.13 Textiles -- References -- Chapter 4. Transportation and Storage -- 4.1 Transportation -- 4.2 Storage -- References -- Chapter 5. Mechanisms of Action -- 5.1 Antiblocking Agents -- 5.2 Slip Agents -- 5.3 Release Agents -- References -- Chapter 6. Compatibility and Performance -- References -- Chapter 7. Diffusion and Migration -- 7.1 Diffusion -- 7.2 Distribution of Additive in Bulk and on Surface -- 7.3 How Mobility Affects Additive Selection? -- 7.4 Additive Transfer to Material in Contact -- 7.5 Additive Loss -- References -- Chapter 8. Interaction with other Components of Formulation -- 8.1 Fillers -- 8.2 Other Components of the Formulation -- 8.3 Synergy between Surface Additives -- 8.4 Other Properties -- References -- Chapter 9. Processing and Additive Performance -- References -- Chapter 10. Effect on Product Properties -- 10.1 Mechanical Properties -- 10.2 Mar and Abrasion -- 10.3 Shrinkage and Warpage -- 10.4 Blocking Force -- 10.5 Adhesion to Mold and Demolding -- 10.6 Coefficient of Friction -- 10.7 Residues on Molds -- 10.8 Residues on Molded Parts -- 10.9 Optical Properties -- 10.10 Rheological Properties. 
505 8 |a 10.11 Electrical Properties -- 10.12 Structure and Orientation -- 10.13 Thermal Aging -- 10.14 Uv Radiation -- 10.15 Effect on other Properties -- References -- Chapter 11. Selection for Different Polymers -- 11.1 Abs -- 11.2 Acrylics -- 11.3 Bromobutyl Rubber -- 11.4 Cellulose Acetate -- 11.5 Cellulose Butyrate and Propionate -- 11.6 Cellulose Nitrate -- 11.7 Chlorinated Polyvinylchloride -- 11.8 Chlorosulfonated Polyethylene -- 11.9 Copolymers -- 11.10 Cyanoacrylates -- 11.11 Ethyl Cellulose -- 11.12 Ethylene-propylene-diene Copolymer, Epdm -- 11.13 Ethylene-propylene Rubber, Epr -- 11.14 Epoxy Resin -- 11.15 Ethylene-vinyl Acetate Copolymer, Eva -- 11.16 Ionomers -- 11.17 Nitrile Rubber -- 11.18 Polyamide -- 11.19 Polybutadiene -- 11.20 Polycarbonate -- 11.21 Polyester -- 11.22 Polyetherimide -- 11.23 Polyethylene -- 11.24 Polyimide -- 11.25 Polylactide -- 11.26 Polymethylmethacrylate -- 11.27 Polyoxymethylene -- 11.28 Poly(n-vinylcarbazole) -- 11.29 Poly(phenylene Ether) -- 11.30 Polypropylene -- 11.31 Polystyrene -- 11.32 Polysulfone -- 11.33 Poly(phenylene Sulfide) -- 11.34 Polyurethanes -- 11.35 Polyvinylacetate -- 11.36 Polyvinylalcohol -- 11.37 Polyvinylbutyral -- 11.38 Polyvinylchloride -- 11.39 Proteins -- 11.40 Rubber, Natural -- 11.41 Silicone -- 11.42 Styrene-butadiene Rubber -- 11.43 Styrene-butadiene-styrene -- 11.44 Starch -- Chapter 12. Use In Industrial Products -- 12.1 Adhesives and Sealants -- 12.2 Aerospace -- 12.3 Agriculture -- 12.4 Automotive Applications -- 12.5 Bottles -- 12.6 Ceramic Materials -- 12.7 Composites -- 12.8 Coated Fabrics -- 12.9 Cosmetics -- 12.10 Dental Materials -- 12.11 Electronics -- 12.12 Fibers -- 12.13 Film -- 12.14 Food -- 12.15 Foams -- 12.16 Gaskets -- 12.17 Inks, Varnishes, and Lacquers -- 12.18 Medical Devices -- 12.19 Membranes -- 12.20 Paints and Coatings -- 12.21 Pharmaceutical Products. 
505 8 |a 12.22 Photographic Materials -- 12.23 Pipes -- 12.24 Road Construction -- 12.25 Roofing Materials -- 12.26 Synthetic Paper -- 12.27 Tires -- 12.28 Toys -- 12.29 Wire &amp -- Cable -- Chapter 13. Various Processing Methods -- 13.1 Blow Molding -- 13.2 Calendering -- 13.3 Coextrusion -- 13.4 Compression Molding -- 13.5 Compounding (mixing) -- 13.6 Dip Coating -- 13.7 Dryblending -- 13.8 Extrusion -- 13.9 Extrusion Blow Molding -- 13.10 Injection Molding -- 13.11 Lithography -- 13.12 Printing -- 13.13 Reaction Injection Molding -- 13.14 Rotational Molding -- 13.15 Rubber Processing -- 13.16 Slip Casting -- 13.17 Thermoforming -- 13.18 Transfer Molding -- Chapter 14. Specialized Analytical Methods -- 14.1 Identification -- 14.2 Determination of Concentration -- 14.3 Determination of Volatility and Molecular Motion -- 14.4 Study of Materials Containing Additives -- References -- Chapter 15. Mathematical Modeling -- References -- Chapter 16. Health, Safety and Environmental Issues -- 16.1 Antiblocking Agents -- 16.2 Release Agents -- 16.3 Slip Agents -- Chapter 17. Regulations and Data -- 17.1 Toxic Substance Control -- 17.2. Carcinogenic Effect -- 17.3 Workplace Exposure Limits -- 17.4 Food Regulatory Acts -- References -- Chapter 18. Personal Protection -- 18.1 Clothing -- 18.2 Gloves -- 18.3 Eye Protection -- 18.4 Respiratory Protection -- References -- Index. 
650 0 |a Polymers  |x Additives  |v Handbooks, manuals, etc. 
650 0 |a Polymers  |x Additives  |x Health aspects  |v Handbooks, manuals, etc. 
650 6 |a Polymères  |x Adjuvants  |v Guides, manuels, etc. 
650 7 |a Polymers  |x Additives  |2 fast 
655 7 |a Electronic books.  |2 local 
655 7 |a manuals (instructional materials)  |2 aat 
655 7 |a handbooks.  |2 aat 
655 7 |a Handbooks and manuals  |2 fast 
655 7 |a Handbooks and manuals.  |2 lcgft 
655 7 |a Guides et manuels.  |2 rvmgf 
710 2 |a ScienceDirect (Online service) 
758 |i has work:  |a Handbook of antiblocking, release, and slip additives (Text)  |1 https://id.oclc.org/worldcat/entity/E39PCFQ7hCvYFFXhjvmdbBvkfy  |4 https://id.oclc.org/worldcat/ontology/hasWork 
776 0 8 |i Print version:  |a Wypych, George.  |t Handbook of antiblocking, release, and slip additives.  |b Fourth edition.  |d Toronto : ChemTec Publishing, 2021  |z 1927885779  |z 9781927885772  |w (OCoLC)1182799496 
856 4 0 |u http://proxy.library.tamu.edu/login?url=https://www.sciencedirect.com/science/book/9781927885772  |z Connect to the full text of this electronic book  |t 0 
955 |a Elsevier ScienceDirect 2026-2027 
994 |a 92  |b TXA 
999 f f |i 2abb841c-754d-44ac-a63b-f828de60697c  |s 3536705d-e5f8-42a3-839b-deeca97915e9  |t 0 
952 f f |a Texas A&M University  |b College Station  |c Electronic Resources  |s www_evans  |d Available Online  |t 0  |e TP1142   |h Library of Congress classification 
998 f f |a TP1142   |t 0  |l Available Online